| 000 | 01484nam a2200361Ia 4500 | ||
|---|---|---|---|
| 001 | ebr10658907 | ||
| 003 | CaPaEBR | ||
| 006 | m u | ||
| 007 | cr cn||||||||| | ||
| 008 | 090702s2009 nyua sb 001 0 eng d | ||
| 010 | _z 2009027483 | ||
| 020 | _z1607418762 (hardcover : alk. paper) | ||
| 020 | _z9781607418764 (hardcover : alk. paper) | ||
| 020 | _z9781613242360 | ||
| 040 |
_aCaPaEBR _cCaPaEBR |
||
| 035 | _a(OCoLC)705945737 | ||
| 050 | 1 | 4 |
_aQP383.15 _b.S66 2009eb |
| 082 | 0 | 4 |
_a612.8/2 _222 |
| 245 | 0 | 0 |
_aSomatosensory cortex _h[electronic resource] : _broles, interventions and traumas / _cNiels Johnsen and Rolf Agerskov, editors. |
| 260 |
_aNew York : _bNova Science Publishers, _cc2009. |
||
| 300 |
_ax, 187 p. : _bill. (some col.). |
||
| 490 | 1 | _aNeurology--laboratory and clinical research developments series | |
| 504 | _aIncludes bibliographical references and index. | ||
| 533 |
_aElectronic reproduction. _bPalo Alto, Calif. : _cebrary, _d2013. _nAvailable via World Wide Web. _nAccess may be limited to ebrary affiliated libraries. |
||
| 650 | 0 | _aSensorimotor cortex. | |
| 650 | 0 | _aSomesthesia. | |
| 655 | 7 |
_aElectronic books. _2local |
|
| 700 | 1 | _aJohnsen, Niels. | |
| 700 | 1 | _aAgerskov, Rolf. | |
| 710 | 2 | _aebrary, Inc. | |
| 830 | 0 | _aNeurology--laboratory and clinical research development series. | |
| 856 | 4 | 0 |
_uhttp://site.ebrary.com/lib/rucke/Doc?id=10658907 _zAn electronic book accessible through the World Wide Web; click to view |
| 999 |
_c167263 _d167263 |
||